=LDR 00000nam 2200000 4500 =001 INLIS000000000041853 =005 20130612151347 =008 ***********************************Ind** =035 ##$$a0010-061300000041853 =041 ##$$a Ind =082 ##$$a 634.9 =090 ##$$a 634, Dod s =100 ##$$a Dodik Ridho Nurrochmat =245 ##$$a Strategi pengelolaan hutan : upaya menyelamatkan rimba yang tersisa, Dodik Ridho Nurrochmat =260 ##$$a 2010 $b Yogyakarta =300 ##$$a xii, 178 hlm., 21 cm =650 ##$$a Pemeliharaan Hutan =850 ##$$a NBPNMAT =990 ##$$a 0001/BPAP-NTB/20142014